<?xml version="1.0" encoding="UTF-8"?>
<marc:record xmlns:marc="http://www.loc.gov/MARC21/slim">
   <marc:leader>00000nam a2200000 a 4500</marc:leader>
   <marc:datafield ind1="1" ind2=" " tag="100">
      <marc:subfield code="a">Heydenreuter, Reinhard</marc:subfield>
      <marc:subfield code="4">aut</marc:subfield>
      <marc:subfield code="e">Verfasser/-in</marc:subfield>
   </marc:datafield>
   <marc:datafield ind1=" " ind2=" " tag="653">
      <marc:subfield code="a">Geschichte 600-1815</marc:subfield>
   </marc:datafield>
   <marc:datafield ind1=" " ind2=" " tag="653">
      <marc:subfield code="a">Geschichte 1805-1814</marc:subfield>
   </marc:datafield>
   <marc:datafield ind1=" " ind2=" " tag="653">
      <marc:subfield code="a">Tiroler Freiheitskampf</marc:subfield>
   </marc:datafield>
   <marc:datafield ind1=" " ind2=" " tag="653">
      <marc:subfield code="a">Ländergeschichte</marc:subfield>
   </marc:datafield>
   <marc:datafield ind1="0" ind2="0" tag="245">
      <marc:subfield code="a">Tirol unter dem Bayerischen Löwen</marc:subfield>
   </marc:datafield>
   <marc:datafield ind1="0" ind2="0" tag="245">
      <marc:subfield code="b">Geschichte einer wechselvollen Beziehung</marc:subfield>
   </marc:datafield>
   <marc:datafield ind1="0" ind2="0" tag="245">
      <marc:subfield code="c">Reinhard Heydenreuter</marc:subfield>
   </marc:datafield>
   <marc:datafield ind1=" " ind2="1" tag="264">
      <marc:subfield code="a">Regensburg</marc:subfield>
      <marc:subfield code="b">Pustet</marc:subfield>
      <marc:subfield code="c">2008</marc:subfield>
   </marc:datafield>
   <marc:datafield ind1="1" ind2=" " tag="520">
      <marc:subfield code="a">Angaben aus der Verlagsmeldung

Tirol unter dem Bayerischen Löwen : Geschichte einer wechselvollen Beziehung / von Reinhard Heydenreuter

Auf Quellen gestützt und gut lesbar schildert der vorliegende Band die Geschichte Tirols von der bajuwarischen Landnahme im 6./7. Jahrhundert über die eigenständige Bildung Tirols im 12. Jahrhundert bis zur Beziehung von Bayern und Tirol im 19. und 20. Jahrhundert.
Der Schwerpunkt der Darstellung liegt auf der Stellung Tirols zwischen den Mächten in den Jahren 1805 bis 1814/15:

- Tirol als begehrtes Objekt zwischen Wittelsbach und Habsburg
- 1805 Niederlage gegen Napoleon: Tirol wird von Österreich an Bayern abgetreten
- 1809 Tiroler Volksaufstand: Andreas Hofer als europäischer Heros
- 1814 Bayerns Auszug aus Tirol
- Von Bayern nach Tirol und zurück
</marc:subfield>
   </marc:datafield>
   <marc:datafield ind1=" " ind2=" " tag="020">
      <marc:subfield code="a">9783791721347</marc:subfield>
      <marc:subfield code="9">9783791721347</marc:subfield>
   </marc:datafield>
   <marc:datafield ind1=" " ind2=" " tag="041">
      <marc:subfield code="a">ger</marc:subfield>
   </marc:datafield>
   <marc:datafield ind1=" " ind2=" " tag="300">
      <marc:subfield code="a">280 S.</marc:subfield>
   </marc:datafield>
</marc:record>
